X-engineering the corporation reinventing your business in the digital age

Gespeichert in:
Bibliographische Detailangaben
1. Verfasser: Champy, James
Format: Buch
Sprache:Englisch
Veröffentlicht: New York Warner books 2001
Schlagworte:
Tags: Tag hinzufügen
Keine Tags, Fügen Sie das erste Tag hinzu!

MARC

LEADER 00000nam$a2200000$$$4500
001 0020494
005 20221207102849.9
020 |a 0-446-52800-5 
041 0 |a eng 
044 |a US 
245 1 0 |a X-engineering the corporation  |b reinventing your business in the digital age  |c James Champy 
264 1 |a New York  |b Warner books  |c 2001 
300 |a 232 s. 
610 2 0 |a reengineering 
610 2 0 |a podnik 
610 2 0 |a riadenie podnikové 
610 2 0 |a manažéri 
610 2 0 |a digitalizácia 
100 1 |a Champy, James